000 00460nam a22001697a 4500
003 MPLRDC
005 20220104125437.0
008 210129b ||||| |||| 00| 0 eng d
082 _a861.57 CTLSL-2 v.1
100 _a紫田链三郎
245 _a眠狂四郎孤星剑. 一
_c安纪芳译
260 _a
_b新风文化事业公司
_c
300 _b
490 _a日本畅销武侠名著
650 _a日本武侠小说
942 _cBK
_o861.57 CTLSL-2 v.1
999 _c27410
_d27400